00461 2200193 4500001002100000005001500021008004100036020002200077035001900099041000700118082000800125090001400133100001700147245001500164260002800179300002100207500001100228650002800239INLIS00000000000433820241224112907241224||||||||| | ||| |||| || |  a978-602-00-1796-9 0010-1224004338 aid0 a923 a923 DAH g0 aDahlan Iskan00aGanti Hati aJakartabGramediac2012 a341 hlm. ; 21 cm aCet. 5 0aIlmu Sejarah & Biografi